Los imperios trasatlánticos: las redes del comercio y de las revoluciones de Independencia

Uloženo v:
Podrobná bibliografie
Hlavní autor: Liss, Peggy K. (autora)
Médium: Kniha
Jazyk:španělština
Vydáno: Ciudad de México Fondo de Cultura Económica 1989
Edice:Sección de Obraas de Historia
Témata:
Tagy: Přidat tag
Žádné tagy, Buďte první, kdo vytvoří štítek k tomuto záznamu!

MARC

LEADER 00000nam a2200000 a 4500
001 UCU4966
003 CL-VaPUC
008 960531e19890000MX |||||||||||||||||spa|d
082 0 4 |a 980  |b LIS  |2 21 
100 |a Liss, Peggy K.  |e autora  |9 362784 
245 1 4 |a Los imperios trasatlánticos: las redes del comercio y de las revoluciones de Independencia 
300 |a 395 p 
942 |c BK 
945 |d 19960531 00:00:00  |a rleighto 
260 |a Ciudad de México  |b Fondo de Cultura Económica  |c 1989 
650 0 |a Historia de américa siglo 18  |9 362785 
650 0 |a Comercio  |9 255341 
650 7 |a REVOLUCION  |2 CL-VaPUC  |9 338298 
650 0 |a Independencia   |9 344246 
651 0 |a América  |9 255182 
583 |a last modification  |c 20160817 05:36:53  |k Rodrigo Vera 
490 0 |a Sección de Obraas de Historia 
999 |c 248490  |d 248488 
952 |0 0  |1 0  |4 0  |6 980_000000000000000_LIS_1989  |7 0  |8 A  |9 265118  |a BIBHIS  |b BIBHIS  |d 2019-11-19  |i 3206149  |o 980 LIS 1989  |p 3206149  |r 2025-01-20  |w 2019-11-19  |y BK  |k HIS 
952 |0 0  |1 0  |4 0  |6 980_000000000000000_LIS_1989  |7 0  |8 A  |9 265119  |a BIBHIS  |b BIBHIS  |d 2019-11-19  |i 4514599  |o 980 LIS 1989  |p 4514599  |r 2025-01-20  |w 2019-11-19  |y BK  |k HIS